Der Tote von Volmerange /

Hlavní autor: Lanoux, Armand, 1913-1983
Jazyk: Němčina
Vydáno: Berlin : Deutscher Militärverlag, 1962
Fyzický popis: 402 s.
Knihy
Uloženo v:
LEADER 00576nam a22001932a 4500
001 000426773
003 CZ BrMZK
005 20140310140609.0
007 ta
008 990305s1962 gw f ger d
040 |a BOA001  |b cze 
100 1 |a Lanoux, Armand,  |d 1913-1983  |7 xx0002741  |4 aut 
245 1 4 |a Der Tote von Volmerange /  |c Armand Lanoux 
260 |a Berlin :  |b Deutscher Militärverlag,  |c 1962 
300 |a 402 s. 
910 |a BOA001  |b 2-0481.415 
990 |a BK 
991 |b 201403 
996 7 |b 2619791016  |c 2-0481.415  |l MZK  |r Sklad / do 24 hodin  |n 2  |w 000426773  |u 000010  |a 1  |e BOA001  |j MZK50  |s A